书目信息 |
| 题名: |
激光切割与LaserMaker建模
|
|
| 作者: | 龙丽嫦 , 高伟光 著 | |
| 分册: | ||
| 出版信息: | 北京 人民邮电出版社 2025.03 |
|
| 页数: | 171页 | |
| 开本: | 26cm | |
| 丛书名: | ||
| 单 册: | ||
| 中图分类: | TG485-39 | |
| 科图分类: | ||
| 主题词: | 激光切割--ji guang qie ge--系统建模--应用软件 | |
| 电子资源: | ||
| ISBN: | 978-7-115-65818-0 | |
| 000 | 01123nam0 2200265 450 | |
| 001 | 90057 | |
| 005 | 20250815101445.05 | |
| 010 | @a978-7-115-65818-0@dCNY89.80 | |
| 100 | @a20250331d2025 em y0chiy50 ea | |
| 101 | 0 | @achi |
| 102 | @aCN@b110000 | |
| 105 | @aa z 000yy | |
| 106 | @ar | |
| 200 | 1 | @a激光切割与LaserMaker建模@Aji guang qie ge yu LaserMaker jian mo@f龙丽嫦, 高伟光著 |
| 205 | @a第2版 | |
| 210 | @a北京@c人民邮电出版社@d2025.03 | |
| 215 | @a171页@c彩图@d26cm | |
| 300 | @a科创教育 信通社区 | |
| 330 | @a本书对激光切割的原理、激光切割机的类型和利用激光切割机进行DIY的流程做了详细的介绍, 通过介绍LaserMaker建模软件的基本操作方法和4种激光加工的工艺模式, 让读者了解在DIY的过程中如何利用LaserMaker建模软件进行建模。本书介绍了12个从易到难的LaserMaker设计实例, 读者可以从中掌握由平面作品到立体作品的绘图操作、工艺模式设置和设计技巧, 感受激光切割造物的乐趣。 | |
| 606 | 0 | @a激光切割@Aji guang qie ge@x系统建模@x应用软件 |
| 690 | @aTG485-39@v5 | |
| 701 | 0 | @a龙丽嫦@Along li chang@4著 |
| 701 | 0 | @a高伟光@Agao wei guang@4著 |
| 801 | 0 | @aCN@c20250909 |
| 905 | @a河南城建学院图书馆@dTG485-39@eL764=2@f1 | |
| 激光切割与LaserMaker建模/龙丽嫦, 高伟光著.-第2版.-北京:人民邮电出版社,2025.03 |
| 171页:彩图;26cm |
| 科创教育 信通社区 |
| ISBN 978-7-115-65818-0:CNY89.80 |
| 本书对激光切割的原理、激光切割机的类型和利用激光切割机进行DIY的流程做了详细的介绍, 通过介绍LaserMaker建模软件的基本操作方法和4种激光加工的工艺模式, 让读者了解在DIY的过程中如何利用LaserMaker建模软件进行建模。本书介绍了12个从易到难的LaserMaker设计实例, 读者可以从中掌握由平面作品到立体作品的绘图操作、工艺模式设置和设计技巧, 感受激光切割造物的乐趣。 |
| ● |
| 相关链接 |
|
|
|
正题名:激光切割与LaserMaker建模
索取号:TG485-39/L764=2
 
预约/预借
| 序号 | 登录号 | 条形码 | 馆藏地/架位号 | 状态 | 备注 |
| 1 | 1624019 | 216240191 | 自科库501/501自科库 27排1列3层/ [索取号:TG485-39/L764=2] | 在馆 |